[Event "CZE-chT2A 1920"]
[Site "Czech Republic"]
[Date "2020.02.23"]
[Round "9.8"]
[White "Vasek, Jan"]
[Black "Soucha, Stepan"]
[Result "1-0"]
[WhiteElo "2141"]
[BlackElo "1792"]
[PlyCount "73"]
[EventDate "2019.10.13"]
[EventType "team-tourn"]
[EventRounds "11"]
[EventCountry "CZE"]
[SourceTitle "EXT 2024"]
[Source "ChessBase"]
[SourceDate "2023.10.10"]
[SourceVersion "1"]
[SourceVersionDate "2023.10.10"]
[SourceQuality "1"]
[WhiteTeam "Pankrac II"]
[BlackTeam "Strakonice"]
[WhiteTeamCountry "CZE"]
[BlackTeamCountry "CZE"]

1. e4 e5 2. Nf3 Nc6 3. Bc4 Nf6 4. d3 Be7 5. Bb3 d6 6. c3 0-0 7. Nbd2 Na5 8. Bc2 c5 9. 0-0 Nc6 10. Re1 g6 11. Nf1 Nh5 12. Ne3 Nf4 13. d4 exd4 14. cxd4 cxd4 15. Nxd4 Nxd4 16. Qxd4 Bf6 17. Qd1 Be5 18. Nc4 Qg5 19. g3 Nh3+ 20. Kg2 Qf6 21. f4 Bd4 22. Ne3 Bxe3 23. Bxe3 h5 24. Qd2 Bg4 25. Bb3 b6 26. Rf1 Rac8 27. Rae1 Be6 28. Bd4 Qe7 29. Bxe6 Qxe6 30. f5 gxf5 31. exf5 Qd5+ 32. Kxh3 f6 33. a3 Rc4 34. Bc3 Qc6 35. Qh6 Rf7 36. Bxf6 Rh7 37. Qg6+ 1-0

[Event "CZE-chT B1 corr"]
[Site "Czechia"]
[Date "2003.??.??"]
[Round "?"]
[White "Jerabek, Zdenek"]
[Black "Soucha, Stepan"]
[Result "0-1"]
[WhiteElo "2235"]
[BlackElo "2335"]
[PlyCount "82"]
[EventDate "2002.??.??"]
[EventType "team (corr)"]
[EventRounds "14"]
[EventCountry "CZE"]
[SourceTitle "Corr 2004"]
[Source "ChessBase"]
[SourceDate "2003.04.28"]
[SourceVersion "3"]
[SourceVersionDate "2003.04.28"]
[SourceQuality "1"]

1. e4 e5 2. Nf3 Nc6 3. Bb5 a6 4. Ba4 Nf6 5. 0-0 Be7 6. Re1 b5 7. Bb3 d6 8. c3 0-0 9. h3 Na5 10. Bc2 c5 11. d4 Qc7 12. Nbd2 Rd8 13. Nf1 cxd4 14. cxd4 exd4 15. Ng3 Nc6 16. Bf4 Be6 17. Ne2 Nb4 18. Bb1 d3 19. Ned4 Rac8 20. Bxd3 Nxd3 21. Qxd3 Bd7 22. Rac1 Qb7 23. Rxc8 Rxc8 24. Bg5 h6 25. Bh4 Re8 26. a3 Bd8 27. Nd2 b4 28. N4f3 bxa3 29. bxa3 Bc6 30. Bxf6 Bxf6 31. Qxd6 Be7 32. Qd3 Bc5 33. Nb3 Bb6 34. Nfd2 Qa7 35. Qg3 Re6 36. Nc4 Rg6 37. Qh4 Bc7 38. Rc1 a5 39. Nbd2 Qd4 40. Nf3 Qc5 41. Nfd2 a4 0-1

[Event "CZE-chT B1 corr"]
[Site "Czechia"]
[Date "2003.??.??"]
[Round "?"]
[White "Merlicek, Jiri"]
[Black "Soucha, Stepan"]
[Result "1/2-1/2"]
[WhiteElo "2390"]
[BlackElo "2335"]
[PlyCount "77"]
[EventDate "2002.??.??"]
[EventType "team (corr)"]
[EventRounds "14"]
[EventCountry "CZE"]
[SourceTitle "Corr 2004"]
[Source "ChessBase"]
[SourceDate "2003.04.28"]
[SourceVersion "3"]
[SourceVersionDate "2003.04.28"]
[SourceQuality "1"]

1. d4 Nf6 2. c4 e6 3. Nf3 d5 4. Nc3 Be7 5. Bg5 0-0 6. e3 h6 7. Bh4 b6 8. Be2 Bb7 9. Bxf6 Bxf6 10. cxd5 exd5 11. b4 c6 12. 0-0 a5 13. b5 c5 14. Rc1 Nd7 15. dxc5 Nxc5 16. Nd4 Rc8 17. Bg4 Rc7 18. Na4 Ne4 19. Nc6 Bxc6 20. bxc6 Qd6 21. Nxb6 Nc3 22. Rxc3 Bxc3 23. Nxd5 Rxc6 24. Nxc3 Qxd1 25. Nxd1 Rd8 26. f4 a4 27. Bf3 Rc2 28. Rf2 Rxf2 29. Kxf2 Rd2+ 30. Ke1 Rxa2 31. Nc3 Ra1+ 32. Kd2 a3 33. Kc2 f5 34. Kb3 Kf7 35. Bd5+ Kf6 36. e4 fxe4 37. Bxe4 g5 38. fxg5+ hxg5 39. Bf3 1/2-1/2

[Event "CZE-chT B1 corr"]
[Site "Czechia"]
[Date "2002.??.??"]
[Round "?"]
[White "Rybak, Radek"]
[Black "Soucha, Stepan"]
[Result "1/2-1/2"]
[WhiteElo "2390"]
[BlackElo "2335"]
[PlyCount "31"]
[EventDate "2002.??.??"]
[EventType "team (corr)"]
[EventRounds "14"]
[EventCountry "CZE"]
[SourceTitle "Corr 2004"]
[Source "ChessBase"]
[SourceDate "2003.04.28"]
[SourceVersion "3"]
[SourceVersionDate "2003.04.28"]
[SourceQuality "1"]

1. e4 e5 2. Nf3 Nc6 3. Bc4 Nf6 4. d4 exd4 5. e5 Ng4 6. Qe2 Qe7 7. Bf4 d6 8. exd6 cxd6 9. Nbd2 Bf5 10. Nb3 Qxe2+ 11. Bxe2 d3 12. cxd3 Nge5 13. Kd2 Be7 14. Nbd4 Nxf3+ 15. Nxf3 0-0 16. Rhc1 1/2-1/2

[Event "CZE-chT B3 corr"]
[Site "Czech Republic"]
[Date "2000.??.??"]
[Round "?"]
[White "Kosek, Lubomir"]
[Black "Soucha, Stepan"]
[Result "0-1"]
[WhiteElo "2115"]
[BlackElo "2305"]
[PlyCount "86"]
[EventDate "2000.??.??"]
[EventType "team (corr)"]
[EventRounds "14"]
[EventCountry "CZE"]
[SourceTitle "Corr 2002"]
[Source "ChessBase"]
[SourceDate "2002.05.23"]
[SourceVersion "1"]
[SourceVersionDate "2002.05.23"]
[SourceQuality "1"]

1. e4 e5 2. Nf3 Nc6 3. Bb5 a6 4. Ba4 Nf6 5. 0-0 Be7 6. Re1 b5 7. Bb3 d6 8. c3 0-0 9. d3 Na5 10. Bc2 c5 11. Nbd2 Nc6 12. Nf1 Re8 13. Ng3 h6 14. a4 Be6 15. Be3 Qc7 16. Bb3 d5 17. exd5 Nxd5 18. Nf5 Bf8 19. Bxd5 Bxd5 20. N3h4 Kh7 21. Qg4 g6 22. Ng3 Qc8 23. Qe2 Nd4 24. Bxd4 exd4 25. Qxe8 Qxe8 26. Rxe8 Rxe8 27. cxd4 bxa4 28. h3 Bc6 29. Nf3 Bg7 30. Ne4 cxd4 31. Nd6 Rb8 32. Nc4 Rb4 33. Nfd2 h5 34. Rf1 Bh6 35. f4 h4 36. Rf2 Bd5 37. Kf1 g5 38. fxg5 Bxg5 39. Nf3 Bc1 40. Nxd4 Bxc4 41. dxc4 Bxb2 42. Nc6 Rb6 43. c5 a3 0-1

[Event "CZE-chT B3 corr"]
[Site "Czech Republic"]
[Date "2000.??.??"]
[Round "?"]
[White "Soucha, Stepan"]
[Black "Bares, Jiri"]
[Result "1/2-1/2"]
[WhiteElo "2305"]
[BlackElo "2225"]
[PlyCount "66"]
[EventDate "2000.??.??"]
[EventType "team (corr)"]
[EventRounds "14"]
[EventCountry "CZE"]
[SourceTitle "Corr 2002"]
[Source "ChessBase"]
[SourceDate "2002.05.23"]
[SourceVersion "1"]
[SourceVersionDate "2002.05.23"]
[SourceQuality "1"]

1. d4 d5 2. c4 e6 3. Nc3 Nf6 4. Nf3 Be7 5. Bg5 0-0 6. e3 h6 7. Bh4 b6 8. Be2 Bb7 9. Bxf6 Bxf6 10. cxd5 exd5 11. 0-0 Nd7 12. b4 c5 13. bxc5 bxc5 14. Rb1 Bc6 15. Bb5 Bxb5 16. Rxb5 a6 17. Rb2 cxd4 18. Nxd4 Qa5 19. Nce2 Rfc8 20. Qd2 Qxd2 21. Rxd2 Rab8 22. Rfd1 Bd8 23. Rc1 Rxc1+ 24. Nxc1 Rb1 25. Nde2 Nb6 26. Rd3 Bf6 27. Rb3 Rxb3 28. Nxb3 Kf8 29. Kf1 Ke7 30. Ned4 Nc4 31. Nf5+ Ke8 32. h3 a5 33. Ke2 h5 1/2-1/2

[Event "CZE-chT B3 corr"]
[Site "Czech Republic"]
[Date "2000.??.??"]
[Round "?"]
[White "Soucha, Stepan"]
[Black "Rybakova, Ivana"]
[Result "1/2-1/2"]
[WhiteElo "2305"]
[BlackElo "2000"]
[PlyCount "47"]
[EventDate "2000.??.??"]
[EventType "team (corr)"]
[EventRounds "14"]
[EventCountry "CZE"]
[SourceTitle "Corr 2002"]
[Source "ChessBase"]
[SourceDate "2002.05.23"]
[SourceVersion "1"]
[SourceVersionDate "2002.05.23"]
[SourceQuality "1"]

1. d4 Nf6 2. c4 e6 3. Nf3 d5 4. Nc3 c5 5. cxd5 Nxd5 6. e4 Nxc3 7. bxc3 cxd4 8. cxd4 Bb4+ 9. Bd2 Bxd2+ 10. Qxd2 0-0 11. Rd1 Nc6 12. Be2 Qd6 13. 0-0 Rd8 14. Rfe1 Bd7 15. d5 exd5 16. exd5 Ne7 17. Ng5 Bf5 18. Bh5 Ng6 19. Ne4 Bxe4 20. Rxe4 Rac8 21. Qe3 b5 22. h3 a5 23. Bxg6 hxg6 24. Re7 1/2-1/2

[Event "Klatovy op-B"]
[Site "Klatovy"]
[Date "1998.??.??"]
[Round "?"]
[White "Vasko, Pavel"]
[Black "Soucha, Stepan"]
[Result "1/2-1/2"]
[WhiteElo "1745"]
[BlackElo "1800"]
[PlyCount "58"]
[EventDate "1998.??.??"]
[EventType "swiss"]
[EventRounds "9"]
[EventCountry "CZE"]
[SourceTitle "EXT 2000"]
[Source "ChessBase"]
[SourceDate "1999.11.16"]
[SourceVersion "1"]
[SourceVersionDate "1999.11.16"]
[SourceQuality "1"]

1. e4 e5 2. Nf3 Nc6 3. Bc4 Nf6 4. d3 Be7 5. c3 d6 6. h3 Na5 7. Bb3 Nxb3 8. Qxb3 0-0 9. Be3 b6 10. 0-0 Be6 11. c4 Nd7 12. Nc3 Kh8 13. Qc2 f5 14. exf5 Bxf5 15. Nd2 Bg5 16. Nde4 Bxe3 17. fxe3 Qh4 18. Qf2 Qh6 19. Qg3 Qg6 20. Qxg6 Bxg6 21. b4 Nf6 22. Nxf6 gxf6 23. e4 f5 24. Rfe1 Rf7 25. Re3 Raf8 26. Rf1 Kg7 27. exf5 Bxf5 28. Rg3+ Bg6 29. Rxf7+ Rxf7 1/2-1/2